Statistics for Државе Немачке

Click here to take the quiz!

General Stats

  • This quiz has been taken 169 times
  • The average score is 6 of 16

Answers on the Map

Answers color-coded by a green-red scale on the quiz's map according to % correct below.
 

Answer Stats

Савезна Држава% Correct
Баварска
81%
Берлин
79%
Хамбург
62%
Саксонија
50%
Баден-Виртемберг
47%
Бремен
43%
Северна Рајна-Вестфалија
39%
Хесен
35%
Рајна-Палатинат
35%
Шлезвиг-Холштајн
34%
Бранденбург
32%
Доња Саксонија
29%
Сарланд
27%
Мекленбург-Западна Померанија
19%
Саксонија-Анхалт
19%
Тирингија
16%

Score Distribution

Percentile by Number Answered

Percent of People with Each Score

Your Score History

You have not taken this quiz